000 03647nkm0a2200625 4500
001 RU\NLR\BIBL_A\022647038
005 20251127233308.0
035 _a(NLR Aleph) 022647038
071 5 0 _a2
_d25 к.
_980000
090 _a88930
_c88930
100 _a20251017d1932 u y0rusy50 ca
101 0 _arus
_aeng
102 _aRU
116 _adiycxx zz ae
135 _acrcn 024anaba
181 0 _ab4
_bxb2e
182 0 _an
200 1 _aАул в Дагестане
_dA village in Dagestan
_eпочтовая карточка
_fР. Зоммер
_gредактор Скалобан
_zeng
203 _aИзображение
_bнеподвижное
_bдвухмерное
_bвизуальное
_cнепосредственное
210 _aМосква
_cизд. Советской филателистической ассоциации
_d[1932?]
_eЛенинград
_g21 тип. ОГИЗ им. Ивана Федорова
215 _a1 л.
_cцв. автотип.
_d10,5х14,8
300 _aХудожник также на англ. яз.: R. Sommer
300 _aНа адрес. стороне изд. марки: "СФА марки боны монеты СССР", "ОГИЗ Изогиз"
300 _aЦенз. разрешение: Главлит № Б 20304
300 _aВ вып. дан.: Зак. 308 ; ИЗОГИЗ № 4385
301 _aИзд. номер: № 2
325 _aКопия доступна в Электрон. б-ке РНБ
510 1 _6z45790
_aA village in Dagestan
_zeng
606 1 _aПочтовые открытки маркированные художественные
_yСССР
_z1917 - 1945
_2nlr_sh2
_3RU\NLR\AUTH\661534720
606 1 _aПейзаж
_xв живописи
_yСССР
_jОткрытки
_2nlr_sh2
_3RU\NLR\AUTH\6601698916
610 1 _aРепродукционные открытки
610 1 _aВидовые открытки
610 1 _aЭтнографические открытки
617 _aСССР
_bДагестанская АССР
686 0 _aЩ153(2)7-489
700 1 _aЗоммер
_bР.-К. К.
_f1866-1939
_gРихард-Карл Карлович
_3RU\NLR\AUTH\770285559
_4040
702 1 _aСкалобан
_4340
712 0 2 _aСоветская филателистическая ассоциация
_3RU\NLR\AUTH\889926003
_4650
712 0 2 _aТипография им. Ивана Федорова
_c21; Ленинград
_3RU\NLR\AUTH\880514168
_4610
712 0 2 _aГосударственное издательство изобразительного искусства
_3RU\NLR\AUTH\8810147764
_4570
790 1 _6z45510
_aZommer
_bR.-K. K.
_f1866-1939
_gRichard-Karl Karlovič
_3RU\NLR\AUTH\770285560
_4040
830 _aДатировка: на адресной стороне штамп, содержащий год поступления в РНБ: "Г.П.Б. в Лнгр. О.Э 1932 г. Ц Акт №". АЯ ОЭФ
852 0 0 _aNLR
_bЭ
_jОТ63/Д140
_mинв.202536
856 0 _uhttps://vivaldi.nlr.ru/lo000072279/view
856 1 _uhttps://vivaldi.nlr.ru/lo000072279/cover
856 2 _uhttps://vivaldi.nlr.ru/lo000072279/text
901 _eИзографические материалы
942 _cVISUAL
945 _aРоссийская национальная библиотека
980 _aBV
980 _aNB
981 1 7 _a(17) Изографические материалы
_b(17) Открытки